| 000 | 00944nam a2200265 4500 | ||
|---|---|---|---|
| 001 | 144975 | ||
| 003 | ES-MaACL | ||
| 005 | 20230906201134.0 | ||
| 007 | t| | ||
| 008 | 070214s1978 sp r ||||1| spa d | ||
| 080 | _a547:543.42 | ||
| 100 | 1 |
_aSimon, Wilhelm. _9106538 |
|
| 245 | 1 | 0 |
_aElucidación estructural de compuestos orgánicos por métodos espectrocópicos / _cW. Simon, T. Clerc ; versión y resolución de problemas por José Castells, Francisco Camps. |
| 250 | _a1ª. ed., 2ª. reimp. | ||
| 260 |
_aMadrid : _bAlhambra, _c1978. |
||
| 300 |
_a2 t. en 3 v. : _bil. ; _c20 cm. |
||
| 490 | 1 |
_aVertix ; _v8 : Sección Química |
|
| 650 | 4 |
_aCompuestos orgánicos- _xAnálisis. _9143167 |
|
| 700 | 1 |
_aCamps, Francisco. _934312 |
|
| 700 | 1 |
_aCastells, José. _936588 |
|
| 700 | 1 |
_aClerc, Thomas. _939220 |
|
| 830 | 0 |
_aVertix ; _v8 : Sección Química _9180780 |
|
| 852 |
_aES-MaACL _jA-10792-94 _bR.98559 |
||
| 999 |
_c144975 _d144975 |
||